| 000 | 00704nam a2200217 a 4500 | ||
|---|---|---|---|
| 005 | 20230623063554.0 | ||
| 008 | 031007s2001 mx r 000 0 spa d | ||
| 020 | _a9701864824 | ||
| 035 | _aUPN01000129650 | ||
| 049 | _aI | ||
| 050 | 4 |
_aPZ76.3 _bK7.2 |
|
| 100 | 1 |
_aKrafft Vera, Federico _933944 |
|
| 245 | 1 | 3 |
_aEl cocodrilo y los cocos / _cFederico Krafft Vera ; il. Alfredo Aguirre. |
| 260 |
_aMéxico : _bECO : _bCONACULTA, _c2001. |
||
| 300 |
_a24 p. : _bprincipalmente il. col. |
||
| 440 | 3 |
_aEl sueño del dragón _pMis segundas lecturas |
|
| 650 | 0 |
_aAnimales _vCuentos y leyendas _9234 |
|
| 650 | 4 |
_aCuentos infantiles mexicanos _97723 |
|
| 700 | 1 |
_aAguirre, Alfredo, _eil. |
|
| 905 | _aInfantil | ||
| 999 |
_c101818 _d101818 |
||